<?xml version="1.0" encoding="UTF-8"?>
<record
    xmlns:xsi="http://www.w3.org/2001/XMLSchema-instance"
    xsi:schemaLocation="http://www.loc.gov/MARC21/slim http://www.loc.gov/standards/marcxml/schema/MARC21slim.xsd"
    xmlns="http://www.loc.gov/MARC21/slim">

  <leader>00413nam a22000977a 4500</leader>
  <controlfield tag="008">190703b        xxu||||| |||| 00| 0 eng d</controlfield>
  <datafield tag="010" ind1=" " ind2=" ">
    <subfield code="a">SCCAF:1E</subfield>
  </datafield>
  <datafield tag="245" ind1=" " ind2=" ">
    <subfield code="a">SUPREME COURT CIVIL APPEAL NO.10 OF 2017      1.MUBEEZI JAMES 2. NTUNGIRE STEVEN 3. MISAKI KAVIIGI VS KASURE SAMUEL      </subfield>
  </datafield>
  <datafield tag="260" ind1=" " ind2=" ">
    <subfield code="c">2018</subfield>
    <subfield code="a">SUPREME COURT KAMPALA</subfield>
  </datafield>
  <datafield tag="500" ind1=" " ind2=" ">
    <subfield code="a">(CORAM: ARACH- AMOKO, MWANGUSYA, OPIO- AWERI, MWONDHA, TIBATEMWA-EKIRIKUBINZA,JJSC)</subfield>
  </datafield>
  <datafield tag="999" ind1=" " ind2=" ">
    <subfield code="c">8662</subfield>
    <subfield code="d">8662</subfield>
  </datafield>
  <datafield tag="952" ind1=" " ind2=" ">
    <subfield code="0">0</subfield>
    <subfield code="1">0</subfield>
    <subfield code="2">ddc</subfield>
    <subfield code="4">0</subfield>
    <subfield code="6">SCCAF__1E</subfield>
    <subfield code="7">0</subfield>
    <subfield code="9">15814</subfield>
    <subfield code="a">MAIN</subfield>
    <subfield code="b">MAIN</subfield>
    <subfield code="c">LRP</subfield>
    <subfield code="d">2019-07-03</subfield>
    <subfield code="l">0</subfield>
    <subfield code="o">SCCAF: 1E</subfield>
    <subfield code="p">451/2019</subfield>
    <subfield code="r">2019-07-03 00:00:00</subfield>
    <subfield code="w">2019-07-03</subfield>
    <subfield code="y">URC</subfield>
    <subfield code="z">JUDGEMENT WAS ENTERED ON 21ST OF MAY 2018</subfield>
  </datafield>
  <datafield tag="952" ind1=" " ind2=" ">
    <subfield code="0">0</subfield>
    <subfield code="1">0</subfield>
    <subfield code="2">ddc</subfield>
    <subfield code="4">0</subfield>
    <subfield code="6">SCCAF__1E</subfield>
    <subfield code="7">0</subfield>
    <subfield code="9">15815</subfield>
    <subfield code="a">MAIN</subfield>
    <subfield code="b">MAIN</subfield>
    <subfield code="c">LRP</subfield>
    <subfield code="d">2019-07-03</subfield>
    <subfield code="l">0</subfield>
    <subfield code="o">SCCAF: 1E</subfield>
    <subfield code="p"> 453/2019</subfield>
    <subfield code="r">2019-07-03 00:00:00</subfield>
    <subfield code="w">2019-07-03</subfield>
    <subfield code="y">URC</subfield>
    <subfield code="z">JUDGEMENT WAS ENTERED ON 21ST OF MAY 2018</subfield>
  </datafield>
</record>
